El Segundo imperio o el 18 brumario de George W. Bush /
Shranjeno v:
| Glavni avtor: | |
|---|---|
| Format: | Texto |
| Teme: | |
| Oznake: |
Označite
Brez oznak, prvi označite!
|
MARC
| LEADER | 00000 a a2200000 04500 | ||
|---|---|---|---|
| 001 | 9685 | ||
| 003 | |||
| 040 | |||
| 100 | |a Hardt, Michael | ||
| 245 | |a El Segundo imperio o el 18 brumario de George W. Bush / |c Michael Hardt | ||
| 650 | |a ESTADOS UNIDOS | ||
| 650 | |a PODER POLITICO | ||
| 650 | |a POLITICA EXTERIOR | ||
| 650 | |a IMPERIALISMO | ||
| 650 | |a MILITARISMO | ||
| 650 | |a AGRESION | ||
| 773 | |g volumen 8, número 35; páginas 26-29 | ||
| 999 | |c 31934 |d 31934 | ||
